نسو ا نی چيخ (Record no. 169616)

MARC details
000 -LEADER
fixed length control field 00614nam a22001937a 4500
005 - DATE AND TIME OF LATEST TRANSACTION
control field 20191126160517.0
010 ## - LCCN (DPL NO)
LC control number UR-10626
020 ## - INTERNATIONAL STANDARD BOOK NUMBER
Terms of availability 200.00
International Standard Book Number 9789389358865
035 ## - SYSTEM CONTROL NUMBER
System control number U-9181
037 ## - SOURCE OF ACQUISITION
Source of stock number/acquisition DBAD/PUB
Stock number -
082 ## - DEWEY DECIMAL CLASSIFICATION NUMBER
Classification number ک
100 ## - MAIN ENTRY--PERSONAL NAME
Personal name طلعت ا نجم فخر
245 ## - TITLE STATEMENT
Title نسو ا نی چيخ
Statement of responsibility, etc طلعت ا نجم فخر
246 ## - VARYING FORM OF TITLE
Remainder of title Niswani Chikh (Urdu)
Title proper/short title byTalat Anjum Fakhar
260 ## - PUBLICATION, DISTRIBUTION, ETC. (IMPRINT)
Place of publication, distribution, etc Delhi
Name of publisher, distributor, etc Educational Publishing House
Date of publication, distribution, etc 2019 ء
270 ## - ADDRESS
Address 3191,Vakil Street, Kucha Pandit,Lal Kuan,
City Delhi
Postal code 110006
Telephone number 01123216162
Fax number -
300 ## - PHYSICAL DESCRIPTION
Extent 100ص
Dimensions 22 Cm(Hb)
942 ## - ADDED ENTRY ELEMENTS (KOHA)
Source of classification or shelving scheme Dewey Decimal Classification
Item type Urdu Bks
Classification part ک
Call number suffix ط ل ع
Holdings
Withdrawn status Lost status Not for loan Collection code Home library Current library Date acquired Source of acquisition Cost, normal purchase price Full call number Barcode Copy number Cost, replacement price Koha item type
    Not For Loan Fiction D.B.Act.Division D.B.Act.Division 26/11/2019 DBAD/PUB 200.00 ک ط ل ع U-9181 1 200.00 Urdu Bks

© Delhi Public Library
Hit Counter
free hit counter